000 00300nam a22001337a 4500
008 170127b xxu||||| |||| 00| 0 eng d
020 _a9780683073850
041 _aeng
080 _a61
100 _a3
101 _ashm
245 _aPRINCIPLES OF TRANSFUSION MEDICINE
_cROSSI, E.C
942 _2udc
_cBK
999 _c3905
_d3905